CZASOWNIKI NIEREGULARNE HISZPAŃSKI 13.12 - Statystyki

Ogólne statystyki
  • Ten quiz został rozwiązany 206 razy
  • Średni wynik to 37 z 98
Statystyki odpowiedzi
CZASOWNIK ODMIANA % Poprawnych
yo me levanto
68%
yo puedo
68%
yo duermo
65%
el/ella/usted puede
65%
puedes
65%
el/ella/usted duerme
64%
ellos/ellas/ustedes pueden
64%
duermes
63%
nosotros podemos
63%
yo vuelvo
63%
nosotros nos levantamos
62%
vosotros podéis
62%
el/ella/usted se levanta
62%
te levantas
62%
el/ella/usted vuelve
62%
vuelves
60%
ellos/ellas/ustedes se levantan
59%
vosotros os levantáis
58%
ellos/ellas/ustedes duermen
57%
vosotros volvéis
57%
nosotros volvemos
57%
ellos/ellas/ustedes vuelven
57%
nosotros dormimos
52%
vosotros dormís
52%
el/ella/usted juega
52%
yo juego
52%
juegas
49%
yo me ducho
49%
yo prefiero
49%
ellos/ellas/ustedes juegan
48%
el/ella/usted prefiere
48%
nosotros jugamos
47%
nosotros nos duchamos
47%
el/ella/usted se ducha
47%
te duchas
47%
el/ella/usted hace
46%
vosotros jugais
46%
yo me cepillo
46%
vosotros os ducháis
46%
prefieres
46%
ellos/ellas/ustedes se duchan
46%
el/ella/usted sale
43%
yo salgo
43%
yo hago
42%
nosotros hacemos
41%
yo me acuesto
41%
sales
41%
el/ella/usted se cepilla
41%
te cepillas
41%
vosotros hacéis
40%
nosotros nos cepillamos
40%
ellos/ellas/ustedes salen
40%
nosotros salimos
40%
el/ella/usted se acuesta
40%
ellos/ellas/ustedes se cepillan
40%
ellos/ellas/ustedes hacen
38%
nosotros nos acostamos
38%
vosotros os acostáis
37%
vosotros os cepilláis
37%
vosotros salís
37%
te acuestas
37%
ellos/ellas/ustedes se acuestan
36%
yo pido
35%
ellos/ellas/ustedes prefieren
35%
el/ella/usted pide
32%
pides
32%
nosotros pedimos
31%
ellos/ellas/ustedes piden
31%
nosotros preferimos
31%
vosotros pedís
28%
vosotros preferís
26%
LEVANTARSE wstawać
22%
el/ella/usted viste
21%
yo visto
21%
nosotros vestimos
19%
ellos/ellas/ustedes visten
19%
vistes
19%
el/ella/usted despierta
17%
yo despierto
17%
vosotros vestís
17%
ellos/ellas/ustedes despiertan
15%
despiertas
15%
vosotros despertáis
14%
nosotros despertamos
14%
DORMIR spać
14%
JUGAR grać
12%
hages
12%
HACER robić
9%
PREFERIR woleć
9%
SALIR wychodzić
9%
CEPILLARSE czesać się
7%
PODER móc
7%
DUCHARSE myć się
7%
VOLVER wracać
7%
DESPERTARSE budzić się
6%
VESTIRSE ubierać się
5%
ACOSTARSE kłaść się
2%
PEDIR zapytać
1%
Nie znaleziono quizów pasujących do podanych kryteriów
Rozkład punktacji
Procent ludzi z każdym wynikiem
Percentyl według liczby udzielonych odpowiedzi
Twoja historia wyników
Nie rozwiązałeś tego quizu